| 000 | 01721cam a2200349 a 4500 | ||
|---|---|---|---|
| 001 | 8406 | ||
| 003 | FISKH | ||
| 005 | 20250910152831.0 | ||
| 008 | 940324s1995 maua j b 000 0 eng | ||
| 010 | _a 94014808 | ||
| 020 | _a0395708109 | ||
| 020 | _a9780395708101 | ||
| 040 |
_aDLC _cDLC _dDLC _beng |
||
| 050 | 0 | 0 |
_aQL696.C42 _bM39 1995 |
| 082 | 0 | 0 |
_a598.3/3 _220 |
| 100 | 1 | _aMcMillan, Bruce. | |
| 245 | 1 | 0 |
_aNights of the pufflings / _cwritten and photo-illustrated by Bruce McMillan. |
| 260 |
_aBoston : _bHoughton Mifflin , _c1995. |
||
| 300 |
_a32 pages : _bcolor illustrations ; _c26 cm |
||
| 336 |
_atext _btxt _2rdacontent |
||
| 337 |
_aunmediated _bn _2rdamedia |
||
| 338 |
_avolume _bnc _2rdacarrier |
||
| 504 | _aIncludes bibliographical references (p. 32). | ||
| 520 | _aOn a tiny island off the coast of Iceland, Halla and her friends wait with anticipation. Every spring, millions of puffins, the clowns of the sea, return to nest, lay eggs, and raise their chicks to pufflings. That means Halla and her friends will be busy in August when the pufflings venture out at night to take their first flight. Then, all of the children stay out all night, too. During the nights of the pufflings they rescue thousands of stranded young birds, and in the daytime set themsafely free at the beach. In Nights of the Pufflings, Bruce McMillan captures the unique and endearing story of an island tradition. | ||
| 650 | 0 |
_aPuffins _zIceland _vJuvenile literature. |
|
| 650 | 1 | _aPuffins. | |
| 650 | 1 |
_aAnimals _zIceland. |
|
| 655 | 7 |
_aLiterature. _2lcgft _0https://id.loc.gov/authorities/genreForms/gf2014026415 |
|
| 906 |
_a7 _bcbc _corignew _d1 _eocip _f19 _gy-gencatlg |
||
| 942 |
_2ddc _cBK _n0 |
||
| 999 |
_c8406 _d8406 |
||